| 000 | 01070nam a2200241Ia 4500 | ||
|---|---|---|---|
| 999 |
_c52737 _d52737 |
||
| 001 | 19763 | ||
| 003 | GE_BSU | ||
| 005 | 20200420215733.0 | ||
| 008 | 181216s1973||||ge |||||||||||||| ||geo|| | ||
| 040 | _cGE_BSU | ||
| 041 | _ageo | ||
| 080 | _a811.353.1'367.634 ძ-63 | ||
| 100 |
_aძიძიგური, შოთა _97941 |
||
| 245 |
_aკავშირები ქართულ ენაში = Союзи в грузинском языке = Conjuctions in the georgian landuage / _cშოთა ძიძიგური ; რედ. დ. გეწაძე |
||
| 264 |
_aთბილისი : _bთბილისის სახ. უნ-ტის გამ-ბა, _c1973. |
||
| 300 |
_a570 გვ. ; _c23 სმ. |
||
| 504 | _aბიბლიოგრ. გვ. 570 | ||
| 520 | _aრეზიუმე რუსულ ენაზე | ||
| 653 | _aკავშირი ქართულ ენაში | ||
| 653 | _aქართული ენა | ||
| 700 |
_aგეწაძე, დ. _eრედაქტორი _97942 |
||
| 942 |
_cBK _2udc |
||